000 00601cam a22002291 4500
001 sa 65007652
003 DLC
005 20260227112150.0
008 890725m19521964ii 000 0 urdr
010 _asa 65007652
035 _a(OCoLC)20069582
040 _aDLC
_cWaU
_dDLC
042 _apremarc
050 0 0 _aPK2199.M27
_bZ53
100 1 _aMadnī, Sayyid Ḥusain Aḥmad,
_d1878-1957.
245 1 0 _aMaktūbat-i Shaik̲h̲ al-Islām.
260 _c[1952-1964; v. 4, 1963]
300 _a4 v.
_c24 cm.
500 _aCover title.
500 _aIn Urdu.
500 _aText partially vocalized.
999 _c65273
_d65273